Whose property is it anyway? A review of the use of local authority property by third parties (Record no. 102066)

MARC details
000 -LEADER
fixed length control field 01714cam a2200241 4500
008 - FIXED-LENGTH DATA ELEMENTS--GENERAL INFORMATION
fixed length control field 020513n2002 000 0 eng u
020 ## - INTERNATIONAL STANDARD BOOK NUMBER
International Standard Book Number 1842191020
035 ## - SYSTEM CONTROL NUMBER
System control number (Sirsi) u117934
050 ## - LIBRARY OF CONGRESS CALL NUMBER
Classification number 346.41043
110 ## - MAIN ENTRY--CORPORATE NAME
Corporate name or jurisdiction name as entry element Royal Institution of Chartered Surveyors
Subordinate unit Policy Unit
9 (RLIN) 4169
245 ## - TITLE STATEMENT
Title Whose property is it anyway? A review of the use of local authority property by third parties
260 ## - PUBLICATION, DISTRIBUTION, ETC.
Place of publication, distribution, etc. London
Name of publisher, distributor, etc. RICS
Date of publication, distribution, etc. 2002
300 ## - PHYSICAL DESCRIPTION
Extent 53p.
Dimensions 30cm.
350 ## - PRICE (NR) (BK AM CF MU VM SE) [OBSOLETE]
Price 0
520 ## - SUMMARY, ETC.
Summary, etc. A review of the use of local authority property by third-parties which suggests that few councils have developed robust arrangements for dealing with third-party occupation. Argues that if local authorities are to avoid entering into arrangements which will be to the detriment of their portfolio they need to consider formalising third-party arrangements, charging open market rents where possible, the incorporation capital expenditure into agreements, co-ordination of all agreements within each authority, the nature of the agreements based on the period and extent of occupation, separating property agreements from wider service agreements, incorporated the total cost of occupancy into agreements, the involvement of individuals with property expertise in negotiations, and that third-party arrangements do not unduly impact the authorities future flexibility. View at www.rics.org.
650 ## - SUBJECT ADDED ENTRY--TOPICAL TERM
Topical term or geographic name entry element TENANCY AGREEMENTS
650 ## - SUBJECT ADDED ENTRY--TOPICAL TERM
Topical term or geographic name entry element UNITARY AUTHORITIES
650 ## - SUBJECT ADDED ENTRY--TOPICAL TERM
Topical term or geographic name entry element LOCAL AUTHORITIES
690 ## - LOCAL SUBJECT ADDED ENTRY--TOPICAL TERM (OCLC, RLIN)
Topical term or geographic name as entry element PROPERTY MANAGEMENT
9 (RLIN) 6262
710 ## - ADDED ENTRY--CORPORATE NAME
Corporate name or jurisdiction name as entry element Royal Institution of Chartered Surveyors
9 (RLIN) 4900
856 ## - ELECTRONIC LOCATION AND ACCESS
Uniform Resource Identifier <a href="https://www.rics.org/Global/Downloads/WhosePropertyAnyway.pdf">https://www.rics.org/Global/Downloads/WhosePropertyAnyway.pdf</a>
Public note View the report on the RICS website...
942 ## - ADDED ENTRY ELEMENTS (KOHA)
Suppress in OPAC 0
Holdings
Withdrawn status Lost status Source of classification or shelving scheme Damaged status Not for loan Home library Current library Shelving location Date acquired Total Checkouts Full call number Barcode Date last seen Copy number Price effective from Koha item type Date last checked out
    Dewey Decimal Classification     London London RICS Boxes 26/07/2002   RICS 2002/26 30066317 06/08/2019 1 06/08/2019 Archive  
    Dewey Decimal Classification     London London RICS Boxes 26/07/2002   RICS 2002/26 30066318 06/08/2019 2 06/08/2019 Reference material  
    Dewey Decimal Classification     London London RICS Boxes 26/07/2002 1 RICS 2002/26 30066320 06/08/2019 4 06/08/2019 Book 26/04/2006